000 00414nam a2200181Ia 4500
008 170705s9999 xx 000 0 und d
020 _a439232058
245 _aOpen wild :
245 _btooth school inside /
245 _cLaurie Keller.
260 _aNew York :
260 _bScholastic,
260 _c2000
300 _aunpaged :
300 _bcolor illustration ;
300 _c23cm.
500 _a360
999 _c335519
_d335519